Dejiny svetového hospodárstva
Na minha lista:
| Autor principal: | |
|---|---|
| Autor Corporativo: | |
| Outros Autores: | , , |
| Formato: | Livro |
| Idioma: | eslovaco |
| Publicado em: |
Bratislava
Vydavateľstvo EKONÓM
2011
|
| Edição: | 1. vyd. |
| Assuntos: | |
| Tags: |
Sem tags, seja o primeiro a adicionar uma tag!
|
MARC
| LEADER | 00000nam a2200000 4500 | ||
|---|---|---|---|
| 001 | 0147261 | ||
| 005 | 20240502072647.9 | ||
| 020 | |a 978-80-225-3267-9 | ||
| 041 | 0 | |a slo | |
| 044 | |a SK | ||
| 245 | 1 | 0 | |a Dejiny svetového hospodárstva |c Vítězslav Balhar |
| 250 | |a 1. vyd. | ||
| 264 | 1 | |a Bratislava |b Vydavateľstvo EKONÓM |c 2011 | |
| 300 | |a 229 s. [14,554 AH] | ||
| 610 | 2 | 0 | |a hospodárstvo svetové |
| 610 | 2 | 0 | |a dejiny |
| 610 | 2 | 0 | |a rozvoj hospodársky |
| 610 | 2 | 0 | |a vývoj spoločenský |
| 610 | 2 | 0 | |a civilizácia |
| 610 | 2 | 0 | |a náboženstvo |
| 610 | 2 | 0 | |a obchod medzinárodný |
| 610 | 2 | 0 | |a priemysel |
| 610 | 2 | 0 | |a vojny |
| 610 | 2 | 0 | |a globalizácia |
| 610 | 2 | 0 | |a kríza |
| 100 | 1 | |a Balhar, Vítězslav | |
| 700 | 1 | |a Balhar, Vítězslav, Jr. | |
| 700 | 1 | |a Zapletal, Vladimír | |
| 700 | 1 | |a Lysák, Ladislav | |
| 710 | 2 | |a Ekonomická univerzita v Bratislave. Fakulta medzinárodných vzťahov | |